Top 15 Countries with Covid-19 Deaths - 17 July - Statistics

General Stats
  • This quiz has been taken 32 times
  • The average score is 14 of 20
Answer Stats
country % Correct
United States
100%
Russia
94%
Canada
91%
Germany
91%
Italy
91%
United Kingdom
91%
Brazil
88%
France
88%
Spain
88%
Mexico
81%
India
78%
Netherlands
63%
Belgium
56%
Ireland
53%
Sweden
53%
Iran
44%
Chile
41%
Peru
38%
Ecuador
31%
Panama
13%
No matching quizzes found
Score Distribution
Percent of People with Each Score
Percentile by Number Answered
Your Score History
You have not taken this quiz